000 00569nam a2200193Ia 4500
001 23549
003 GE_BSU
008 181216s||||||||xx |||||||||||||| ||und||
040 _cGE_BSU
245 _aВопросы Культурологии, №9. 2018
245 _cГл. ред. Агошков Андрей Валерьевич
260 _aмосква
260 _c2018г.
300 _a79см;26см;
653 _aВопросы Культурологии, №9. 2018
653 _aПериодика
653 _aპერიოდიკა
942 _cCR
999 _c56436
_d56436